WTA Tennis Players by Picture (Top 75 - 2025) - Statistics

General Stats
  • This quiz has been taken 150 times
  • The average score is 40 of 75
Answer Stats
Picture Answer % Correct
Aryna Sabalenka
97%
Iga Świątek
97%
Coco Gauff
96%
Elena Rybakina
92%
Emma Raducanu
89%
Jessica Pegula
89%
Naomi Osaka
86%
Amanda Anisimova
85%
Jasmine Paolini
83%
Madison Keys
77%
Mirra Andreeva
75%
Victoria Mboko
75%
Elina Svitolina
72%
Eva Lys
72%
Qinwen Zheng
72%
Belinda Bencic
70%
Maria Sakkari
70%
Paula Badosa
70%
Karolina Muchova
69%
Leylah Fernandez
69%
Alexandra Eala
66%
Jelena Ostapenko
66%
Emma Navarro
65%
Clara Tauson
61%
Marta Kostyuk
61%
Ons Jabeur
61%
Ekaterina Alexandrova
60%
Marketa Vondrousova
59%
Laura Siegemund
58%
Diana Shnaider
55%
Iva Jovic
55%
Anna Kalinskaya
52%
Barbora Krejcikova
52%
Elise Mertens
52%
Maya Joint
52%
Sofia Kenin
52%
Ann Li
51%
Hailey Baptiste
51%
Katerina Siniakova
51%
Linda Noskova
51%
Lois Boisson
51%
Daria Kasatkina
50%
Anastasia Potapova
49%
Sorana Cirstea
49%
Liudmila Samsonova
47%
Beatriz Haddad Maia
45%
Tatjana Maria
43%
Xinyu Wang
43%
Danielle Collins
42%
Cristina Bucsa
41%
Magda Linette
41%
Mccartney Kessler
41%
Veronika Kudermetova
41%
Dayana Yastremska
40%
Marie Bouzkova
40%
Jaqueline Cristian
36%
Olga Danilovic
35%
Janice Tjen
34%
Sonay Kartal
34%
Jessica Bouzas Maneiro
33%
Anastasia Pavlyuchenkova
32%
Elsa Jacquemot
32%
Francesca Jones
29%
Magdalena Frech
29%
Peyton Stearns
29%
Donna Vekic
28%
Yulia Putintseva
28%
Antonia Ruzic
27%
Ashlyn Krueger
27%
Tereza Valentova
27%
Emiliana Arango
26%
Anna Blinkova
21%
Rebecca Sramkova
21%
Anna Bondar
19%
Solana Sierra
19%
No matching quizzes found
Score Distribution
Percent of People with Each Score
Percentile by Number Answered
Your Score History
You have not taken this quiz